100 Largest US Cities - H - Statistics

General Stats
  • This quiz has been taken 274 times
  • The average score is 28 of 100
Answer Stats
Rank Population City % Correct
1 2,323,660 Houston, TX
99%
32 49,395 Harrisburg, PA
80%
3 341,302 Honolulu, HI
77%
10 121,203 Hartford, CT
76%
65 27,801 Henderson, KY
76%
2 341,531 Henderson, NV
76%
5 205,472 Huntsville, AL
76%
38 42,395 Huntsville, TX
76%
35 43,814 Huntington, WV
72%
9 134,870 Hampton, VA
66%
4 230,135 Hialeah, FL
65%
73 24,749 Harrison, NJ
61%
57 31,019 Harrison, NY
61%
8 155,689 Hollywood, FL
56%
6 197,417 Huntington Beach, CA
56%
87 20,633 Helena, AL
54%
53 34,256 Helena, MT
54%
22 61,982 Hamilton, OH
53%
12 110,982 Hillsboro, OR
53%
7 158,089 Hayward, CA
44%
27 55,629 Highland, CA
41%
83 22,152 Highland, IN
41%
92 19,191 Highland, UT
41%
17 74,812 Hammond, IN
39%
80 22,783 Hammond, LA
39%
14 86,270 Hoover, AL
39%
11 114,227 High Point, NC
38%
33 45,845 Hattiesburg, MS
32%
47 39,111 Hot Springs, AR
32%
78 23,222 Hastings, MN
31%
74 24,428 Hastings, NE
31%
86 20,693 Howard, WI
30%
82 22,205 Hudson, OH
30%
76 24,030 Harvey, IL
29%
29 52,072 Harrisonburg, VA
27%
25 59,071 Hendersonville, TN
27%
42 40,030 Hagerstown, MD
26%
28 54,847 Hempstead, NY
26%
13 97,224 Hesperia, CA
25%
55 33,090 Holland, MI
25%
56 32,148 Houma, LA
25%
15 85,706 Hemet, CA
24%
61 29,415 Highland Park, IL
24%
44 39,907 Hilton Head Island, SC
24%
30 51,763 Hoboken, NJ
24%
18 70,061 Homestead, FL
24%
43 39,925 Hutchinson, KS
24%
39 41,547 Hickory, NC
23%
19 65,074 Harlingen, TX
22%
16 84,862 Hawthorne, CA
22%
94 18,695 Hawthorne, NJ
22%
64 27,817 Hobart, IN
22%
46 39,723 Holyoke, MA
21%
97 18,234 Hopkins, MN
21%
88 20,608 Hays, KS
20%
40 41,085 Hobbs, NM
19%
34 43,856 Hackensack, NJ
18%
21 64,190 Haverhill, MA
18%
81 22,631 Hopewell, VA
18%
23 59,870 Huntersville, NC
18%
37 42,720 Hollister, CA
17%
69 25,199 Homewood, AL
17%
96 18,403 Homewood, IL
17%
24 59,167 Hanford, CA
15%
59 30,412 Hopkinsville, KY
15%
84 21,365 Hamtramck, MI
12%
68 26,930 Huntley, IL
12%
85 20,854 Hurricane, UT
12%
45 39,883 Hallandale Beach, FL
11%
70 24,943 Hazelwood, MO
11%
72 24,784 Hazleton, PA
11%
71 24,817 Herndon, VA
11%
50 36,936 Hilliard, OH
11%
52 34,345 Hinesville, GA
11%
89 20,496 Holly Springs, GA
11%
41 40,050 Holly Springs, NC
11%
26 56,531 Huntington Park, CA
11%
49 38,037 Hurst, TX
11%
98 18,182 Hermiston, OR
10%
93 19,152 Hermosa Beach, CA
10%
77 23,329 Happy Valley, OR
9%
20 64,718 Herriman, UT
9%
100 17,611 Hinsdale, IL
9%
31 50,574 Hoffman Estates, IL
9%
99 18,174 Hyattsville, MD
9%
79 23,098 Hialeah Gardens, FL
8%
58 30,993 Hutto, TX
8%
95 18,640 Heber, UT
7%
67 27,454 Horn Lake, MS
7%
48 38,208 Huber Heights, OH
7%
36 43,168 Haltom City, TX
6%
54 33,975 Harker Heights, TX
6%
63 28,061 Haines City, FL
4%
51 36,894 Hanover Park, IL
4%
60 29,799 Holladay, UT
4%
75 24,350 Homer Glen, IL
4%
62 29,261 Hanahan, SC
3%
66 27,604 Hercules, CA
3%
90 19,744 Horizon City, TX
3%
91 19,628 Havelock, NC
2%
No matching quizzes found
Score Distribution
Percent of People with Each Score
Percentile by Number Answered
Your Score History
You have not taken this quiz